00262nam a2200097Ia 4500001000800000005001700008008004100025020001800066245006200084260001800146127608420260417160440.0260417s9999 xx 000 0 und d a9786256309166 0aCenk Hikayeleri - Çalınan HazinecYavuz Bahadıroğlu bKetebe Genç